01128nam a2200193Ia 4500001001100000003001000011008004100021040002500062041001300087100002800100245004800128250001100176260008200187300001200269500026000281501011400541520026000655650001900915L942-50930IT-CnALBA170116s9999||||xx |||||||||||||| ||und|| aIT-CnALBAcIT-CnALBA aITALIANO aDARGIE LHUNDRUB NGAWANG 0aLA BIOGRAFIA SEGRETA DEL SESTO DALAI LAMA.  a1a ed. a MILANO TRENTObLUNI EDITRICE c1999 [1° Ed.:1999 - Ed.Ling.Originale: 1999] a281 p.  aINDICE ILLUSTRAZIONI. BIOGRAFIA. APPENDICE. CRONOLOGIA DEGLI AVVENIMENTI. LE GENERAZIONI DEI DALAI LAMA. INDICE FORME FONETICHE. STORIA DI TSANYANG GYATSO, SESTO DALAI LAMA DI LHASA. PELLEGRINO UMILE E PENITENTE. MAESTRO SPIRITUALE. RIFONDAZIONE DELLA DOT aSocietà San Paolo EM - Piazza San Paolo, 14 - 12051 ALBA (CN) (non commercial uses only) ® Copyright 2017 aINDICE ILLUSTRAZIONI. BIOGRAFIA. APPENDICE. CRONOLOGIA DEGLI AVVENIMENTI. LE GENERAZIONI DEI DALAI LAMA. INDICE FORME FONETICHE. STORIA DI TSANYANG GYATSO, SESTO DALAI LAMA DI LHASA. PELLEGRINO UMILE E PENITENTE. MAESTRO SPIRITUALE. RIFONDAZIONE DELLA DOT aSTORIA MODERNA